000 00629nam a2200181Ia 4500
008 090124s9999 xx 000 0 und d
082 _b34352
100 _aनानिवडेकर वसंत शंकर
245 _a मंगल प्रभात
250 _a2
260 _bसाहित्य प्रसार केंद्र
_c1994
300 _a32
600 _aनानिवडेकर वसंत शंकर
630 _a मंगल प्रभात
700 _aनानिवडेकर वसंत शंकर
730 _a मंगल प्रभात
942 _cBOOK
999 _c100288
_d100288